000 00733nam a2200265 a 4500
003 AR-BaBNM
005 20251128204250.0
008 082120s2002 ||||||||||||||000 | spa||
040 _cAR-BaBNM
245 0 0 _aLas relaciones internacionales
_n3
260 _aBuenos Aires
_bVea y Lea
_c1963
300 _a350 p.
490 0 _aImagen de Estados Unidos
_vv.3
650 4 _aREVOLUCION
650 4 _aPROBLEMAS SOCIALES
650 4 _aMOVIMIENTOS REVOLUCIONARIOS
650 4 _aGUERRA CIVIL
650 4 _aCIENCIAS POLITICAS
650 4 _aHISTORIA DE LAS RELACIONES INTERNACIONALES
651 4 _aEstados Unidos
700 1 _aMay, Ernest R.
_ecompilador
800 1 _aMay, Ernest R.
_edirector
942 _cBK
998 _cmariana
999 _c6775
_d6775